Los dispensarios antituberculosos (Record no. 81880)

MARC details
000 -LEADER
campo de control de longitud fija 00909nam a2200241 i 4500
001 - NÚMERO DE CONTROL
campo de control 81880
003 - IDENTIFICADOR DE NÚMERO DE CONTROL
campo de control ES-MaACL
005 - FECHA Y HORA DE LA ÚLTIMA TRANSACCIÓN
campo de control 20250730024614.0
007 - CAMPO FIJO DE DESCRIPCIÓN FÍSICA--INFORMACIÓN GENERAL
campo de control de longitud fija t|
008 - DATOS DE LONGITUD FIJA--INFORMACIÓN GENERAL
campo de control de longitud fija 041108s1911 sp ||||1| spa d
080 ## - NÚMERO DE LA CLASIFICACIÓN DECIMAL UNIVERSAL
Número de la Clasificación Decimal Universal 364.444.046.2:616-002.5
100 1# - ENTRADA PRINCIPAL--NOMBRE DE PERSONA
Nombre de persona Iglesias y Carral, Manuel.
9 (RLIN) 65141
245 14 - MENCIÓN DEL TÍTULO
Título Los dispensarios antituberculosos
Resto del título : sus resultados prácticos en la preservación y curación de la tuberculosis /
Mención de responsabilidad, etc. Manuel Iglesias y Carral.
260 ## - PUBLICACIÓN, DISTRIBUCIÓN, ETC.
Lugar de publicación, distribución, etc. Madrid :
Nombre del editor, distribuidor, etc. Sociedad Española de Higiene,
Fecha de publicación, distribución, etc. 1911.
300 ## - DESCRIPCIÓN FÍSICA
Extensión 43 p. ;
Dimensiones 21 cm.
490 1# - MENCIÓN DE SERIE
Mención de serie Legado Roel: Colección de Memorias Premiadas ;
Designación de volumen o secuencia 10
500 ## - NOTA GENERAL
Nota general Concurso de 1910-1911.
650 #4 - PUNTO DE ACCESO ADICIONAL DE MATERIA--TÉRMINO DE MATERIA
Término de materia o nombre geográfico como elemento de entrada Dispensarios antituberculosos.
9 (RLIN) 148849
710 2# - ENTRADA AGREGADA--NOMBRE DE ENTIDAD CORPORATIVA
Nombre de entidad corporativa o nombre de jurisdicción como elemento de entrada Sociedad Española de Higiene.
9 (RLIN) 6725
830 00 - PUNTO DE ACCESO ADICIONAL DE SERIE-TÍTULO UNIFORME
Título uniforme Legado Roel: Colección de memorias premiadas
Designación de volumen o secuencia 10
9 (RLIN) 183286
852 ## - LOCALIZACIÓN
Ubicación ES-MaACL
Número de control de estantería T-1326-F-4
Holdings
Estatus retirado Estado de pérdida Estado de daño No para préstamo Colección Biblioteca de origen Biblioteca actual Ubicación en estantería Fecha de adquisición Fuente de adquisición Total de préstamos Signatura topográfica completa Código de barras Visto por última vez Precio de reemplazo Tipo de ítem Koha
        Colección de folletos Biblioteca del Ateneo de Madrid Biblioteca del Ateneo de Madrid Depósito folletos 17/01/2008     T-1326-F-4 1085582 23/02/2023 23/02/2023 Folleto